Sports Quiz

Random Sports or NBA Quiz
Score 0/28 Timer 08:00
0 Plays Today
Position Player % Correct
ForwardLeBron James
95.9%
GuardKobe Bryant
94.8%
CenterShaquille O'Neal
92.4%
CenterDwight Howard
92%
ForwardKevin Garnett
91.4%
GuardDwyane Wade
91.1%
ForwardPaul Pierce
90.6%
GuardRay Allen
88.5%
GuardChris Paul
87.6%
ForwardTim Duncan
86.4%
CenterYao Ming
82.9%
GuardMo Williams
82.6%
GuardAllen Iverson
81.5%
ForwardDirk Nowitzki
80.9%
Position Player % Correct
CoachPhil Jackson
79.1%
ForwardChris Bosh
76.5%
GuardTony Parker
73.9%
GuardChauncey Billups
73.2%
Forward/CenterPau Gasol
72.7%
GuardJoe Johnson
71.4%
ForwardAmare Stoudemire
70%
GuardBrandon Roy
63.6%
CoachMike Brown
59.7%
GuardJameer Nelson
56.8%
ForwardDavid West
55%
Guard/ForwardDanny Granger
52.3%
ForwardRashard Lewis
52%
GuardDevin Harris
49.7%

You're not logged in!

Compare scores with friends on all Sporcle quizzes.
OR
Log In

Sporcle TV

Today on Sporcle TV


Watch our educational content, quiz creation guides, and fun videos on Sporcle TV.

Show Comments

Extras

Top Quizzes Today


Score Distribution

Paid Content

Your Account Isn't Verified!

In order to create a playlist on Sporcle, you need to verify the email address you used during registration. Go to your Sporcle Settings to finish the process.

Report this User

Report this user for behavior that violates our Community Guidelines.

Details: